000 00479 a2200169 4500
003 OSt
005 20240123102209.0
008 240123b |||||||| |||| 00| 0 eng d
020 _a9788194716181
040 _coclc
082 _a954.83
_bKUR/M
100 _aKurup, K K N
_d1939- author.
_91879
245 _a1921 malabar samaram /
_cK K N Kurup
260 _bYuvatha bookk stall,
_c2021
300 _a2v
942 _2ddc
_cBK
_h954.83
_iKUR/M
_k954.83
_mKUR/M
999 _c42509
_d42509